[Event "BEL-chT 1415"]
[Site "Belgium"]
[Date "2015.01.25"]
[Round "7.7"]
[White "Klein, Felix"]
[Black "Lalau, Alexandre"]
[Result "1-0"]
[WhiteElo "2284"]
[BlackElo "2084"]
[PlyCount "87"]
[EventDate "2014.09.28"]
[EventType "team-swiss"]
[EventRounds "11"]
[EventCountry "BEL"]
[SourceTitle "EXT 2016"]
[Source "ChessBase"]
[SourceDate "2015.10.08"]
[SourceVersion "1"]
[SourceVersionDate "2015.10.08"]
[SourceQuality "1"]
[WhiteTeam "KSK Rochade"]
[BlackTeam "Charleroi CREC"]
[WhiteTeamCountry "BEL"]
[BlackTeamCountry "BEL"]

1. e4 c5 2. Nf3 e6 3. d4 cxd4 4. Nxd4 a6 5. Bd3 Nc6 6. Nxc6 dxc6 7. 0-0 e5 8. Nd2 Nf6 9. Nc4 Qc7 10. Bd2 Bg4 11. Qe1 Bc5 12. Bb4 Qe7 13. Bxc5 Qxc5 14. Qc3 Nd7 15. b4 Qe7 16. f4 Bh5 17. Ne3 0-0 18. Nf5 Qf6 19. Rae1 Rfe8 20. Ng3 exf4 21. e5 Qg5 22. Bxh7+ Kxh7 23. Nxh5 Nxe5 24. Nxf4 Rad8 25. Nh3 Qh5 26. Qg3 f6 27. Nf4 Qf7 28. Qh3+ Kg8 29. Qf5 Qxa2 30. Re3 Qf7 31. Rg3 Kf8 32. Nh5 Nd7 33. Rxg7 Qxg7 34. Nxg7 Kxg7 35. Rf3 Re5 36. Rg3+ Kf7 37. Qh7+ Ke6 38. Rd3 a5 39. Qh3+ Ke7 40. Qh7+ Ke6 41. bxa5 Rxa5 42. Qe4+ Re5 43. Qg4+ Ke7 44. h4 1-0

[Event "BEL-chT 1415"]
[Site "Belgium"]
[Date "2014.09.28"]
[Round "1.7"]
[White "Lalau, Alexandre"]
[Black "Memeti, Kastriot"]
[Result "0-1"]
[WhiteElo "2084"]
[BlackElo "2220"]
[PlyCount "149"]
[EventDate "2014.09.28"]
[EventType "team-swiss"]
[EventRounds "11"]
[EventCountry "BEL"]
[SourceTitle "CBM 162 Extra"]
[Source "ChessBase"]
[SourceDate "2014.10.17"]
[SourceVersion "1"]
[SourceVersionDate "2014.10.17"]
[SourceQuality "1"]
[WhiteTeam "Charleroi CREC"]
[BlackTeam "Amay"]
[WhiteTeamCountry "BEL"]
[BlackTeamCountry "BEL"]

1. e4 e6 2. d4 d5 3. Nd2 h6 4. c3 c5 5. Bd3 Nc6 6. Ne2 cxd4 7. cxd4 dxe4 8. Nxe4 Bb4+ 9. Bd2 Be7 10. 0-0 Nf6 11. Bc3 0-0 12. Qd2 b6 13. Nxf6+ Bxf6 14. Be4 Bb7 15. Rfd1 Qb8 16. d5 Ne5 17. Qf4 Re8 18. dxe6 Rxe6 19. Bd5 Bxd5 20. Rxd5 Qe8 21. Nd4 Ng6 22. Qd2 Re4 23. g3 Ne5 24. Kg2 Rd8 25. Rxd8 Qxd8 26. f3 Nc4 27. Qd3 Rxd4 28. Bxd4 Qxd4 29. Qxd4 Bxd4 30. Rc1 Nxb2 31. Rc8+ Kh7 32. Rc7 a5 33. Rxf7 Kg6 34. Rc7 Bc5 35. f4 Nd1 36. Rd7 Nc3 37. Rd2 Kf7 38. Kf3 Ke6 39. Kg4 Ne4 40. Re2 Kd5 41. Kf5 b5 42. g4 b4 43. Kg6 Bd4 44. h4 a4 45. h5 b3 46. axb3 axb3 47. g5 hxg5 48. fxg5 b2 49. Rxb2 Bxb2 50. h6 gxh6 51. gxh6 Ke6 52. Kh5 Kf6 53. Kg4 Kg6 54. h7 Kxh7 55. Kf5 Nf6 56. Kg5 Kg7 57. Kf5 Kf7 58. Kf4 Bd4 59. Kf5 Ke7 60. Kf4 Ke6 61. Kf3 Kf5 62. Ke2 Ke4 63. Kd2 Nd5 64. Kc2 Bc3 65. Kb3 Kd3 66. Ka4 Kc4 67. Ka3 Nb4 68. Ka4 Nd3 69. Ka3 Bb4+ 70. Ka2 Kc3 71. Ka1 Kb3 72. Kb1 Bd2 73. Ka1 Nb4 74. Kb1 Be3 75. Ka1 0-1

[Event "Le Port Marly Paribas blitz op"]
[Site "Le Port Marly"]
[Date "2013.06.15"]
[Round "13"]
[White "Dumas, Charles"]
[Black "Lalau, Alexandre"]
[Result "0-1"]
[WhiteElo "2260"]
[BlackElo "2310"]
[PlyCount "64"]
[EventDate "2013.06.15"]
[EventType "swiss (blitz)"]
[EventRounds "15"]
[EventCountry "FRA"]
[SourceTitle "EXT 2014"]
[Source "ChessBase"]
[SourceDate "2013.11.20"]
[SourceVersion "1"]
[SourceVersionDate "2013.11.20"]
[SourceQuality "1"]

1. e4 c5 2. c3 Nf6 3. e5 Nd5 4. d4 cxd4 5. Nf3 e6 6. cxd4 Nc6 7. Nc3 Nxc3 8. bxc3 d6 9. exd6 Bxd6 10. Bd3 Qc7 11. 0-0 h6 12. Bd2 0-0 13. Qe2 e5 14. d5 Ne7 15. c4 f5 16. Bc2 e4 17. Nd4 Bxh2+ 18. Kh1 Be5 19. Bc3 a6 20. Rad1 Nxd5 21. cxd5 Qxc3 22. Ne6 Rf6 23. Bb3 Bd6 24. Qh5 Bd7 25. Qe2 Qe5 26. g3 Rc8 27. Rc1 Rxc1 28. Rxc1 Kh7 29. Kg2 f4 30. Nxf4 Rxf4 31. gxf4 Qxf4 32. Rh1 Bg4 0-1

[Event "Fourmies op 37th"]
[Site "Fourmies"]
[Date "2013.05.18"]
[Round "1"]
[White "Maes, Tibo"]
[Black "Lalau, Alexandre"]
[Result "0-1"]
[WhiteElo "1765"]
[BlackElo "2110"]
[PlyCount "64"]
[EventDate "2013.05.18"]
[EventType "swiss"]
[EventRounds "7"]
[EventCountry "FRA"]
[SourceTitle "CBM 154 Extra"]
[Source "ChessBase"]
[SourceDate "2013.06.25"]
[SourceVersion "2"]
[SourceVersionDate "2013.06.25"]
[SourceQuality "1"]

1. e4 c5 2. d4 cxd4 3. c3 d3 4. Bxd3 Nc6 5. c4 d6 6. h3 Nf6 7. Nf3 e6 8. 0-0 Be7 9. Nc3 a6 10. Be3 b6 11. Rc1 0-0 12. Bb1 Re8 13. b3 Bb7 14. Qe2 Ne5 15. Nd4 Qc7 16. f4 Ned7 17. Nf3 Rac8 18. g4 Nc5 19. Nd2 g6 20. h4 h5 21. g5 Ng4 22. b4 Nd7 23. Nd1 d5 24. Nf2 Nxe3 25. Qxe3 Bxb4 26. Bd3 d4 27. Qe2 Qxf4 28. Nb3 Qg3+ 29. Kh1 Qxh4+ 30. Kg1 Qxg5+ 31. Kh1 Qh4+ 32. Kg1 Ne5 0-1

[Event "Cappelle op 24th"]
[Site "Cappelle la Grande"]
[Date "2008.02.16"]
[Round "1"]
[White "Delekta, Piotr"]
[Black "Lalau, Alexandre"]
[Result "1-0"]
[WhiteElo "2291"]
[BlackElo "2096"]
[PlyCount "45"]
[EventDate "2008.02.16"]
[EventType "swiss"]
[EventRounds "9"]
[EventCountry "FRA"]
[SourceTitle "CBM 122 Extra"]
[Source "ChessBase"]
[SourceDate "2008.03.04"]
[SourceVersion "1"]
[SourceVersionDate "2008.03.04"]
[SourceQuality "1"]

1. e4 c5 2. Nf3 e6 3. c3 Nf6 4. e5 Nd5 5. d4 cxd4 6. cxd4 d6 7. Nc3 Nxc3 8. bxc3 Qc7 9. Bb2 Nd7 10. exd6 Bxd6 11. Bd3 Nf6 12. 0-0 0-0 13. c4 b6 14. Re1 Bb7 15. Ne5 Bxe5 16. Rxe5 Rad8 17. Qe2 h6 18. Re1 Qd6 19. Re3 Qf4 20. Rg3 Kh8 21. d5 exd5 22. Be5 Qh4 23. Rh3 1-0

[Event "Charleroi op 4th"]
[Site "Charleroi"]
[Date "2005.08.02"]
[Round "5"]
[White "Lalau, Alexandre"]
[Black "Bolzoni, Victor Angel"]
[Result "0-1"]
[WhiteElo "2019"]
[BlackElo "2177"]
[PlyCount "58"]
[EventDate "2005.07.30"]
[EventType "swiss"]
[EventRounds "9"]
[EventCountry "BEL"]
[SourceTitle "EXT 2006"]
[Source "ChessBase"]
[SourceDate "2005.11.24"]
[SourceVersion "1"]
[SourceVersionDate "2005.11.24"]
[SourceQuality "1"]

1. e4 c5 2. Nf3 Qa5 3. Nc3 Nc6 4. g3 g6 5. d3 Bg7 6. Bd2 Qd8 7. Bg2 Nf6 8. 0-0 0-0 9. Be3 d6 10. h3 Nd7 11. Qd2 Nd4 12. Nd1 Nxf3+ 13. Bxf3 Ne5 14. Bg2 Bxh3 15. f4 Bxg2 16. Kxg2 Ng4 17. f5 d5 18. Qe2 Nxe3+ 19. Nxe3 dxe4 20. dxe4 e6 21. c3 exf5 22. exf5 Qe7 23. Qf3 Rfe8 24. Nd5 Qe2+ 25. Qxe2 Rxe2+ 26. Rf2 Rxf2+ 27. Kxf2 Rd8 28. Rd1 Bd4+ 29. cxd4 Rxd5 0-1

[Event "La Fere op 4th"]
[Site "La Fere"]
[Date "2005.07.04"]
[Round "3"]
[White "Sriram, Jha"]
[Black "Lalau, Alexandre"]
[Result "1-0"]
[WhiteElo "2437"]
[BlackElo "2019"]
[PlyCount "115"]
[EventDate "2005.07.02"]
[EventType "swiss"]
[EventRounds "9"]
[EventCountry "FRA"]
[SourceTitle "CBM 107 Extra"]
[Source "ChessBase"]
[SourceDate "2005.09.01"]
[SourceVersion "1"]
[SourceVersionDate "2005.09.01"]
[SourceQuality "1"]

1. d4 d5 2. c4 c6 3. Nc3 e5 4. dxe5 d4 5. Ne4 Qa5+ 6. Bd2 Qxe5 7. Ng3 c5 8. Nf3 Qe7 9. Qc2 g6 10. e3 Bg7 11. Bd3 Nf6 12. 0-0 dxe3 13. Bxe3 0-0 14. Rfe1 Be6 15. Ne4 Nxe4 16. Bxe4 Qc7 17. Rad1 Nd7 18. Ng5 Rfe8 19. Nxe6 Rxe6 20. Bd5 Re5 21. Qd2 Nf6 22. Bf4 Rxe1+ 23. Rxe1 Qd7 24. Bf3 Qxd2 25. Bxd2 Rd8 26. Bc3 Rd7 27. g4 h6 28. Kg2 Kf8 29. b4 Nh5 30. Bxg7+ Nxg7 31. bxc5 Ne6 32. c6 bxc6 33. Bxc6 Rd4 34. Re4 Ke7 35. Rxd4 Nxd4 36. Bd5 f6 37. Kg3 g5 38. c5 Kd7 39. f3 a5 40. Kf2 Ne6 41. c6+ Kd6 42. Bxe6 Kxe6 43. Ke3 Kd6 44. Kd4 Kxc6 45. Kc4 Kd6 46. Kb5 Ke5 47. Kxa5 Kf4 48. Kb4 Kxf3 49. a4 Kxg4 50. a5 Kh3 51. a6 g4 52. a7 Kxh2 53. a8Q g3 54. Qf8 g2 55. Qxh6+ Kg3 56. Qe3+ Kh2 57. Qf4+ Kh3 58. Qf2 1-0

[Event "Canarias en Red prel 4th"]
[Site "Playchess.com INT"]
[Date "2004.05.06"]
[Round "11"]
[White "Bonnaud, Remy"]
[Black "Lalau, Alexandre"]
[Result "1-0"]
[WhiteElo "2199"]
[BlackElo "2007"]
[PlyCount "77"]
[EventDate "2004.05.06"]
[EventType "swiss (blitz)"]
[EventRounds "13"]
[EventCountry "GER"]
[SourceTitle "EXT 2005"]
[Source "ChessBase"]
[SourceDate "2004.11.15"]
[SourceVersion "1"]
[SourceVersionDate "2004.11.15"]
[SourceQuality "1"]

1. e4 c5 2. c3 d5 3. exd5 Qxd5 4. d4 Nc6 5. Nf3 Bg4 6. Be2 e6 7. 0-0 cxd4 8. cxd4 Nf6 9. h3 Bh5 10. Nc3 Qa5 11. a3 a6 12. Be3 Bd6 13. b4 Qc7 14. Qb3 Ne7 15. Rac1 Qd7 16. Na4 Ned5 17. Nc5 Qe7 18. Bg5 h6 19. Bh4 g5 20. Bg3 Bxg3 21. fxg3 Bg6 22. Ne5 0-0 23. Nxg6 fxg6 24. Bc4 Rad8 25. Rce1 b5 26. Bd3 Rd6 27. Bxg6 Kg7 28. Bb1 Rfd8 29. Qd3 Qe8 30. Qf3 Qh5 31. g4 Qf7 32. Re5 Nb6 33. Ba2 Nc4 34. Ree1 Rxd4 35. Nxe6+ Kh7 36. Nxd4 Rxd4 37. Qxf6 Qxf6 38. Rxf6 Ne3 39. Rxe3 1-0

[Event "Canarias en Red prel 4th"]
[Site "Playchess.com INT"]
[Date "2004.05.06"]
[Round "13"]
[White "Koepke, Christian"]
[Black "Lalau, Alexandre"]
[Result "1-0"]
[WhiteElo "2253"]
[BlackElo "2007"]
[PlyCount "69"]
[EventDate "2004.05.06"]
[EventType "swiss (blitz)"]
[EventRounds "13"]
[EventCountry "GER"]
[SourceTitle "EXT 2005"]
[Source "ChessBase"]
[SourceDate "2004.11.15"]
[SourceVersion "1"]
[SourceVersionDate "2004.11.15"]
[SourceQuality "1"]

1. d4 d5 2. Bg5 c6 3. Nf3 Nd7 4. c4 Ngf6 5. cxd5 cxd5 6. e3 e6 7. Bd3 Bb4+ 8. Nc3 h6 9. Bh4 0-0 10. Rc1 Qa5 11. Qb3 Ne4 12. Bxe4 dxe4 13. Nd2 Bxc3 14. Rxc3 Qf5 15. Qc2 g5 16. Bg3 Nf6 17. Be5 Nd5 18. Rc5 Qg4 19. Qxe4 Qxe4 20. Nxe4 Nb4 21. Nf6+ Kg7 22. 0-0 Kg6 23. a3 Nd3 24. Rc2 Nxe5 25. dxe5 b6 26. f4 Ba6 27. Rfc1 Kf5 28. g3 Rfd8 29. Rc7 Kg6 30. e4 Bd3 31. Rd1 Bb5 32. Rxd8 Rxd8 33. Rxa7 Rd2 34. Ra8 Rxb2 35. Rg8# 1-0